Globálne problémy a etické aspekty v potravinovom reťazci

Potravinová bezpečnosť. Kvalita verzus kvantita potravín. Svetový hlad verzus plytvanie potravinami. Kolísavosť svetových cien potravín, faktory vplývajúce na zvyšovanie cien potravín.

Saved in:
Bibliographic Details
Main Author: Kapsdorferová, Zuzana
Other Authors: Dobišová, Mária, Pogranová, Zuzana
Format: Book Chapter
Language:Slovak
Subjects:
Tags: Add Tag
No Tags, Be the first to tag this record!

MARC

LEADER 00000naa a2200000 4500
001 0156973
005 20220322123309.4
041 0 |a slo 
044 |a SK 
245 1 0 |a Globálne problémy a etické aspekty v potravinovom reťazci  |c Zuzana Kapsdorferová, Mária Dobišová, Zuzana Pogranová 
520 |a Potravinová bezpečnosť. Kvalita verzus kvantita potravín. Svetový hlad verzus plytvanie potravinami. Kolísavosť svetových cien potravín, faktory vplývajúce na zvyšovanie cien potravín. 
610 2 0 |a bezpečnosť potravinová 
610 2 0 |a potraviny 
610 2 0 |a kvalita výrobkov 
610 2 0 |a ceny 
610 2 0 |a hlad 
100 1 |a Kapsdorferová, Zuzana 
700 1 |a Dobišová, Mária 
700 1 |a Pogranová, Zuzana